<?xml version="1.0" encoding="UTF-8"?>
<collection xmlns="http://www.loc.gov/MARC21/slim">
 <record>
  <leader>01517nam a2200193Ia 4500</leader>
  <controlfield tag="001">CTU_136376</controlfield>
  <controlfield tag="008">210402s9999    xx            000 0 und d</controlfield>
  <datafield tag="082" ind1=" " ind2=" ">
   <subfield code="a">330.952033</subfield>
  </datafield>
  <datafield tag="082" ind1=" " ind2=" ">
   <subfield code="b">O.38</subfield>
  </datafield>
  <datafield tag="100" ind1=" " ind2=" ">
   <subfield code="a">Ohno, Kenicho</subfield>
  </datafield>
  <datafield tag="245" ind1=" " ind2="0">
   <subfield code="a">Phát triển kinh tế của Nhật Bản :</subfield>
  </datafield>
  <datafield tag="245" ind1=" " ind2="0">
   <subfield code="b">Con đường đi lên từ một nước đang phát triển = The economic development of Japan : The path traveled by Japan as a developing country</subfield>
  </datafield>
  <datafield tag="245" ind1=" " ind2="0">
   <subfield code="c">Kenichi Ohno</subfield>
  </datafield>
  <datafield tag="260" ind1=" " ind2=" ">
   <subfield code="a">Hà Nội</subfield>
  </datafield>
  <datafield tag="260" ind1=" " ind2=" ">
   <subfield code="b">Diễn đàn phát triển Việt Nam</subfield>
  </datafield>
  <datafield tag="260" ind1=" " ind2=" ">
   <subfield code="c">2007</subfield>
  </datafield>
  <datafield tag="520" ind1=" " ind2=" ">
   <subfield code="a">Cuốn sách này viết về lịch sử của Nhật bản từ thời Edo, trước khi nền công nghiệp Nhật Bản cất cánh. Nội dung đề cập các vấn đề thực tế kèm theo số liệu và giới thiệu về những cuộc tranh luận trong lịch sử cùng những cách giải thích khác nhau về những cuộc tranh luận này. Sách trả lưòi hai câu hỏi thường gặp: (i) vì sao Nhật Bản có thể trở thành một nước công nghiệp dẫn đầu trong các nước đi sau; (ii) vì sao Nhật Bản lại dùng đến việc xâm chiếm quân sự các nước láng giềng trong quá trình hiện đại hóa.</subfield>
  </datafield>
  <datafield tag="904" ind1=" " ind2=" ">
   <subfield code="i">Trọng Hiếu</subfield>
  </datafield>
  <datafield tag="980" ind1=" " ind2=" ">
   <subfield code="a">Trung tâm Học liệu Trường Đại học Cần Thơ</subfield>
  </datafield>
 </record>
</collection>
